00421nam a2200169Ia 4500003000400000008004100004040001600045082002100061100002000082245005200102260002900154300000700183650001500190650001300205650001000218650002300228GCL140319s9999 xx 000 0 eng d aGCL / cGCL04aCHb823.087bS W1 aSOUTHGATE, VERA10aTHE THREE BILLY GOATS GRUFF / cSOUTHGATE, VERA a[S.N] : bLODYBIRD BOOKS a5004aLITERATURE04aCHILDREN04aTALES04aCHILDREN - STORIES